000 01081 a2200289 4500
005 20180312141952.0
008 131108n sp ||||br|||| 00| 0 spa d
020 _a8424132483
040 _aCO-BoUCM
_bspa
_cJose A. Gerena (modificó)
_dJose A. Gerena
041 1 _aspa
100 1 _aJordan, Jennifer
_950093
245 1 0 _aTilly la bruja
_cjennifer Jordan ; traducción de María Luz Castela Gil-toresano
260 _bEverest
_aLeón (Castilla y León, España)
_c[sin fecha]
300 _a58 páginas
_bilustraciones a color
490 _aLa torre y la flor
501 _aCon: El gigante Wig.
650 7 _937709
_aLiteratura infantil inglesa
650 7 _918516
_aLibros ilustrados para niños
650 7 _918524
_aLibros y lectura para niños
650 7 _910226
_aBrujas
_xLiteratura infantil
690 _942863
_aLiteratura europea
700 1 _aCastela Gil-Toresano, María Luz
_etraductor
_950094
765 1 _tSilly Tilly witch
765 1 _tBigwig's betime
942 _a18
_cLIBRO
_e1
_mJ821
_2DEWEY
_h 828.914
_n0
999 _c183470
_d183470